Nákladné pojmy a vlastnosti Petriho sietí

Bibliographic Details
Main Author: Čičák, Pavel, 1955- (Author)
Format: Article
Language:Slovak
PhysicalDescription:Sch. 6., lit. 4 zázn. v slov., ruš., angl.
Subjects:

MARC

LEADER 00000nab a2200000 a 4500
001 vtls000208154
003 SK-MaSNL
005 20260304061723.0
008 250422c1985 xo 0 slo
015 |a SNBRB19rr/mm-uuuuu 
035 |a CL0218267 
035 |a urn:nbn:sk:snk-abd08u 
035 |a (urnnbn)urn:nbn:sk:snk:ar-006up8 
035 |a (uuid)44a8da7d-5e08-445d-accf-e69866d8a3eb 
040 |a SNKBUCL  |b slo  |c SNKBUCL  |e AACR2 
041 0 |a slo 
044 |a xo  |c SK 
080 |a 519.711  |2 1981 
080 |a 681.31  |2 1981 
100 1 |a Čičák, Pavel,  |d 1955-  |4 aut  |9 215561 
245 1 0 |a Nákladné pojmy a vlastnosti Petriho sietí  |c Pavel Čičák ; Pevl Čičák 
300 |b Sch. 6., lit. 4 zázn. v slov., ruš., angl. 
650 0 7 |a Petriho siete  |2 snkbucl  |9 67953 
655 7 |a články z novín a časopisov  |2 snkbucl  |9 267496 
700 1 |a Čičák, Pavel,  |d 1955-  |4 aut  |9 215561 
773 0 |t Elektrotechnický časopis  |g Roč. 36, č. 1 (1985), s. 80-85 
850 |a Slovenská národná knižnica 
852 |a Slovenská národná knižnica 
954 |a odborná, vedecká literatúra pôvodná (slovenská)  |2 lita 
958 |a article17 
958 |a RK 
958 |a OND 
958 |a EUIPO 
992 |a RBX 
999 |c 2734531  |d 2736461